000
00340 a2200157 4500
001
64067
020
_a
9788575593653
040
_c
Anchieta - Pituba
100
_a
Wood, Ellen Meiksins
240
1
0
_a
O império do capital
_l
por
245
1
0
_a
O império do capital
300
_a
151
362
0
_a
2014
650
4
_a
Sistemas
942
_c
BK
999
_c
64067
_d
64067